000
00315nam a22001457a 4500
003
SGT
020
_a
0421339705
082
_a
342.0954
_b
SEE
100
_a
SEERVAI , H M
245
_a
CONSTITUTIONAL LAW OF INDIA
250
_a
3
260
_a
LONDON
_b
SWEET AND MAXWELL
_c
1984
300
_a
2728
942
_2
ddc
_c
BK
999
_c
25105
_d
25105